Teatro, estado y promoción cultural en Guatemala (175-1921) /

Este artículo analiza el papel jugado por el teatro, el cine y la promoción cultural en la constitución de una idea de cultura nacional por parte del Estado guatemalteco; para ello se esboza el origen del teatro y el cine en esa nación y se analizan las políticas estatales al respecto. RRA/AGOSTO201...

Celý popis

Uloženo v:
Podrobná bibliografie
Hlavní autor: Urbina Gaitán, Chester (Autor)
Médium: Text
Jazyk:Spanish
Témata:
Tagy: Přidat tag
Žádné tagy, Buďte první, kdo vytvoří štítek k tomuto záznamu!

MARC

LEADER 00000 a a2200000 04500
003 cru CRAI/IIS
005 20231020062603.0
008 210303s2006 cr |||p|r||||||0| ||spa|d
999 |c 43622  |d 43622 
040 |c cru CRAI/IIS 
100 1 |a Urbina Gaitán, Chester  |9 462  |e Autor 
245 1 |a Teatro, estado y promoción cultural en Guatemala (175-1921) /  |c Chester Urbina Gaitán 
300 |a páginas 81-95 
520 |a Este artículo analiza el papel jugado por el teatro, el cine y la promoción cultural en la constitución de una idea de cultura nacional por parte del Estado guatemalteco; para ello se esboza el origen del teatro y el cine en esa nación y se analizan las políticas estatales al respecto. RRA/AGOSTO2010 
590 |a RRA/AGOSTO2010 
650 0 |a PRESIDENCIA   |9 3554 
650 0 |a TEATRO  |9 1755 
650 0 |a CINE  |9 614 
650 0 |a PROMOCION CULTURAL   |9 3306 
651 0 |9 142  |a GUATEMALA 
773 0 |0 18765  |9 5212  |a Universidad de Costa Rica.  |d San José, Costa Rica: Editorial Universidad de Costa Rica, 1974-  |o 09549  |t Anuario de Estudios Centroamericanos /  |x 03777316 
942 |2 ddc  |c PP